Statistiques concernant 20 points aléatoires sur une carte du monde sans frontières

Cliquez ici pour prendre le quiz!

Statistiques générales

  • Ce quiz a été pris 60 223 fois
  • Le résultat moyen est 15 sur 20

Réponses sur la Carte

Les réponses sont colorées sur une échelle allant du rouge au vert en fonction du pourcentage des utilisateurs qui les ont devinées à leur premier essai. Vous pouvez retrouver ces pourcentages ci-dessous.
 

Statistiques - réponses

Pays% Correct
Canada
100%
Canada
100%
Canada
100%
Canada
100%
Canada
100%
Canada
100%
Canada
100%
Canada
100%
Canada
100%
Etats-Unis
100%
Etats-Unis
100%
Etats-Unis
100%
Etats-Unis
100%
Etats-Unis
100%
Etats-Unis
100%
Etats-Unis
100%
Etats-Unis
100%
Etats-Unis
100%
Etats-Unis
100%
Etats-Unis
100%
Etats-Unis
100%
Etats-Unis
100%
Etats-Unis
100%
Etats-Unis
100%
Canada
99%
Canada
99%
Canada
99%
Canada
99%
Canada
99%
Canada
99%
Espagne
99%
Etats-Unis
99%
Etats-Unis
99%
Etats-Unis
99%
Etats-Unis
99%
Etats-Unis
99%
Etats-Unis
99%
France
99%
Brésil
98%
Brésil
98%
Brésil
98%
Canada
98%
Canada
98%
Canada
98%
Canada
98%
Canada
98%
Canada
98%
Canada
98%
Canada
98%
Canada
98%
Canada
98%
Canada
98%
Canada
98%
Canada
98%
Canada
98%
Canada
98%
Canada
98%
Canada
98%
Canada
98%
Canada
98%
Canada
98%
Canada
98%
Canada
98%
Canada
98%
Canada
98%
Etats-Unis
98%
Etats-Unis
98%
Etats-Unis
98%
Etats-Unis
98%
Etats-Unis
98%
Etats-Unis
98%
Etats-Unis
98%
Etats-Unis
98%
Etats-Unis
98%
Etats-Unis
98%
Etats-Unis
98%
Etats-Unis
98%
Etats-Unis
98%
Etats-Unis
98%
Etats-Unis
98%
France
98%
Portugal
98%
Russie
98%
Brésil
97%
Brésil
97%
Brésil
97%
Brésil
97%
Canada
97%
Canada
97%
Canada
97%
Canada
97%
Canada
97%
Canada
97%
Canada
97%
Canada
97%
Canada
97%
Canada
97%
Canada
97%
Canada
97%
Canada
97%
Canada
97%
Canada
97%
Canada
97%
Canada
97%
Canada
97%
Canada
97%
Canada
97%
Canada
97%
Canada
97%
Canada
97%
Canada
97%
Canada
97%
Canada
97%
Canada
97%
Canada
97%
Canada
97%
Canada
97%
Canada
97%
Canada
97%
Canada
97%
Canada
97%
Canada
97%
Canada
97%
Canada
97%
Canada
97%
Canada
97%
Canada
97%
Canada
97%
Canada
97%
Canada
97%
Canada
97%
Canada
97%
Espagne
97%
Espagne
97%
Etats-Unis
97%
Etats-Unis
97%
Etats-Unis
97%
Etats-Unis
97%
Etats-Unis
97%
Etats-Unis
97%
Etats-Unis
97%
Etats-Unis
97%
Etats-Unis
97%
Etats-Unis
97%
Etats-Unis
97%
Etats-Unis
97%
Etats-Unis
97%
Etats-Unis
97%
Etats-Unis
97%
Etats-Unis
97%
Etats-Unis
97%
Etats-Unis
97%
Etats-Unis
97%
Etats-Unis
97%
Etats-Unis
97%
Etats-Unis
97%
Etats-Unis
97%
Etats-Unis
97%
Etats-Unis
97%
Etats-Unis
97%
Etats-Unis
97%
Etats-Unis
97%
Mexique
97%
Mexique
97%
Mexique
97%
Russie
97%
Russie
97%
Russie
97%
Australie
96%
Brésil
96%
Brésil
96%
Brésil
96%
Brésil
96%
Brésil
96%
Brésil
96%
Canada
96%
Canada
96%
Canada
96%
Canada
96%
Canada
96%
Canada
96%
Canada
96%
Canada
96%
Canada
96%
Canada
96%
Canada
96%
Canada
96%
Canada
96%
Canada
96%
Canada
96%
Canada
96%
Canada
96%
Canada
96%
Canada
96%
Canada
96%
Canada
96%
Canada
96%
Canada
96%
Canada
96%
Canada
96%
Canada
96%
Canada
96%
Canada
96%
Canada
96%
Canada
96%
Canada
96%
Canada
96%
Canada
96%
Espagne
96%
Espagne
96%
Etats-Unis
96%
Etats-Unis
96%
Etats-Unis
96%
Etats-Unis
96%
Etats-Unis
96%
Etats-Unis
96%
Etats-Unis
96%
Etats-Unis
96%
Etats-Unis
96%
Etats-Unis
96%
Etats-Unis
96%
Etats-Unis
96%
Etats-Unis
96%
Etats-Unis
96%
Etats-Unis
96%
Etats-Unis
96%
Etats-Unis
96%
Etats-Unis
96%
Etats-Unis
96%
Etats-Unis
96%
Etats-Unis
96%
Etats-Unis
96%
Etats-Unis
96%
Etats-Unis
96%
Etats-Unis
96%
Mexique
96%
Mexique
96%
Mexique
96%
Russie
96%
Russie
96%
Russie
96%
Russie
96%
Russie
96%
Russie
96%
Russie
96%
Suisse
96%
Brésil
95%
Brésil
95%
Brésil
95%
Brésil
95%
Brésil
95%
Brésil
95%
Brésil
95%
Brésil
95%
Brésil
95%
Canada
95%
Canada
95%
Canada
95%
Canada
95%
Canada
95%
Canada
95%
Canada
95%
Canada
95%
Canada
95%
Canada
95%
Canada
95%
Canada
95%
Canada
95%
Canada
95%
Canada
95%
Canada
95%
Canada
95%
Canada
95%
Canada
95%
Canada
95%
Canada
95%
Canada
95%
Canada
95%
Canada
95%
Canada
95%
Canada
95%
Canada
95%
Canada
95%
Canada
95%
Canada
95%
Canada
95%
Canada
95%
Canada
95%
Canada
95%
Canada
95%
Canada
95%
Canada
95%
Canada
95%
Canada
95%
Canada
95%
Canada
95%
Canada
95%
Canada
95%
Canada
95%
Canada
95%
Canada
95%
Canada
95%
Canada
95%
Espagne
95%
Espagne
95%
Etats-Unis
95%
Etats-Unis
95%
Etats-Unis
95%
Etats-Unis
95%
Etats-Unis
95%
Etats-Unis
95%
Etats-Unis
95%
Etats-Unis
95%
Etats-Unis
95%
Etats-Unis
95%
Etats-Unis
95%
Etats-Unis
95%
Etats-Unis
95%
Etats-Unis
95%
Etats-Unis
95%
Etats-Unis
95%
Etats-Unis
95%
Etats-Unis
95%
Etats-Unis
95%
Etats-Unis
95%
Etats-Unis
95%
Etats-Unis
95%
Etats-Unis
95%
Etats-Unis
95%
Etats-Unis
95%
Etats-Unis
95%
Etats-Unis
95%
Etats-Unis
95%
Etats-Unis
95%
Etats-Unis
95%
Etats-Unis
95%
Etats-Unis
95%
Etats-Unis
95%
Etats-Unis
95%
Etats-Unis
95%
Etats-Unis
95%
Etats-Unis
95%
Etats-Unis
95%
Etats-Unis
95%
France
95%
France
95%
Mexique
95%
Mexique
95%
Mexique
95%
Mexique
95%
Mexique
95%
Royaume-Uni
95%
Royaume-Uni
95%
Russie
95%
Russie
95%
Russie
95%
Russie
95%
Russie
95%
Russie
95%
Russie
95%
Russie
95%
Russie
95%
Brésil
94%
Brésil
94%
Brésil
94%
Brésil
94%
Brésil
94%
Brésil
94%
Canada
94%
Canada
94%
Canada
94%
Canada
94%
Canada
94%
Canada
94%
Canada
94%
Canada
94%
Canada
94%
Canada
94%
Canada
94%
Canada
94%
Canada
94%
Canada
94%
Canada
94%
Canada
94%
Canada
94%
Canada
94%
Canada
94%
Canada
94%
Canada
94%
Canada
94%
Canada
94%
Canada
94%
Canada
94%
Canada
94%
Canada
94%
Canada
94%
Canada
94%
Canada
94%
Canada
94%
Canada
94%
Canada
94%
Canada
94%
Canada
94%
Canada
94%
Canada
94%
Canada
94%
Canada
94%
Canada
94%
Canada
94%
Canada
94%
Canada
94%
Canada
94%
Espagne
94%
Etats-Unis
94%
Etats-Unis
94%
Etats-Unis
94%
Etats-Unis
94%
Etats-Unis
94%
Etats-Unis
94%
Etats-Unis
94%
Etats-Unis
94%
Etats-Unis
94%
Etats-Unis
94%
Etats-Unis
94%
Etats-Unis
94%
Etats-Unis
94%
Etats-Unis
94%
Etats-Unis
94%
Etats-Unis
94%
Etats-Unis
94%
Etats-Unis
94%
Etats-Unis
94%
Etats-Unis
94%
Etats-Unis
94%
Etats-Unis
94%
Etats-Unis
94%
Etats-Unis
94%
France
94%
France
94%
France
94%
Maroc
94%
Maroc
94%
Russie
94%
Russie
94%
Russie
94%
Russie
94%
Russie
94%
Russie
94%
Russie
94%
Russie
94%
Russie
94%
Russie
94%
Russie
94%
Russie
94%
Russie
94%
Russie
94%
Russie
94%
Russie
94%
Russie
94%
Argentine
93%
Brésil
93%
Brésil
93%
Brésil
93%
Brésil
93%
Brésil
93%
Brésil
93%
Brésil
93%
Brésil
93%
Brésil
93%
Brésil
93%
Brésil
93%
Brésil
93%
Brésil
93%
Brésil
93%
Brésil
93%
Canada
93%
Canada
93%
Canada
93%
Canada
93%
Canada
93%
Canada
93%
Canada
93%
Canada
93%
Canada
93%
Canada
93%
Canada
93%
Canada
93%
Canada
93%
Canada
93%
Canada
93%
Canada
93%
Canada
93%
Canada
93%
Canada
93%
Canada
93%
Canada
93%
Canada
93%
Canada
93%
Canada
93%
Canada
93%
Canada
93%
Canada
93%
Canada
93%
Canada
93%
Espagne
93%
Espagne
93%
Espagne
93%
Etats-Unis
93%
Etats-Unis
93%
Etats-Unis
93%
Etats-Unis
93%
Etats-Unis
93%
Etats-Unis
93%
Etats-Unis
93%
Etats-Unis
93%
Etats-Unis
93%
Etats-Unis
93%
Etats-Unis
93%
Etats-Unis
93%
Etats-Unis
93%
Etats-Unis
93%
Etats-Unis
93%
Etats-Unis
93%
Etats-Unis
93%
Etats-Unis
93%
Etats-Unis
93%
Etats-Unis
93%
Etats-Unis
93%
Etats-Unis
93%
Etats-Unis
93%
Etats-Unis
93%
Etats-Unis
93%
Etats-Unis
93%
Etats-Unis
93%
Etats-Unis
93%
Etats-Unis
93%
Etats-Unis
93%
Irlande
93%
Irlande
93%
Islande
93%
Italie
93%
Mexique
93%
Mexique
93%
Mexique
93%
Mexique
93%
Mexique
93%
Norvège
93%
Norvège
93%
Royaume-Uni
93%
Royaume-Uni
93%
Russie
93%
Russie
93%
Russie
93%
Russie
93%
Russie
93%
Russie
93%
Russie
93%
Russie
93%
Russie
93%
Russie
93%
Russie
93%
Russie
93%
Russie
93%
Russie
93%
Russie
93%
Russie
93%
Russie
93%
Russie
93%
Russie
93%
Russie
93%
Russie
93%
Russie
93%
Russie
93%
Russie
93%
Russie
93%
Russie
93%
Russie
93%
Russie
93%
Suède
93%
Australie
92%
Brésil
92%
Brésil
92%
Brésil
92%
Brésil
92%
Brésil
92%
Brésil
92%
Brésil
92%
Brésil
92%
Canada
92%
Canada
92%
Canada
92%
Canada
92%
Canada
92%
Canada
92%
Canada
92%
Canada
92%
Canada
92%
Canada
92%
Canada
92%
Canada
92%
Canada
92%
Canada
92%
Canada
92%
Canada
92%
Canada
92%
Canada
92%
Canada
92%
Canada
92%
Canada
92%
Canada
92%
Chili
92%
Danemark
92%
Espagne
92%
Etats-Unis
92%
Etats-Unis
92%
Etats-Unis
92%
Etats-Unis
92%
Etats-Unis
92%
Etats-Unis
92%
Etats-Unis
92%
Etats-Unis
92%
Etats-Unis
92%
Etats-Unis
92%
Etats-Unis
92%
Etats-Unis
92%
Etats-Unis
92%
Etats-Unis
92%
Etats-Unis
92%
Etats-Unis
92%
Etats-Unis
92%
Etats-Unis
92%
Etats-Unis
92%
Etats-Unis
92%
Etats-Unis
92%
Etats-Unis
92%
Etats-Unis
92%
Etats-Unis
92%
Etats-Unis
92%
Etats-Unis
92%
Etats-Unis
92%
Etats-Unis
92%
Etats-Unis
92%
France
92%
Inde
92%
Islande
92%
Mexique
92%
Mexique
92%
Mexique
92%
Mexique
92%
Mexique
92%
Portugal
92%
Russie
92%
Russie
92%
Russie
92%
Russie
92%
Russie
92%
Russie
92%
Russie
92%
Russie
92%
Russie
92%
Russie
92%
Russie
92%
Russie
92%
Russie
92%
Russie
92%
Russie
92%
Russie
92%
Russie
92%
Russie
92%
Russie
92%
Russie
92%
Russie
92%
Russie
92%
Russie
92%
Russie
92%
Russie
92%
Russie
92%
Russie
92%
Russie
92%
Russie
92%
Russie
92%
Russie
92%
Algérie
91%
Allemagne
91%
Andorre
91%
Argentine
91%
Brésil
91%
Brésil
91%
Brésil
91%
Brésil
91%
Brésil
91%
Brésil
91%
Brésil
91%
Brésil
91%
Canada
91%
Canada
91%
Canada
91%
Canada
91%
Canada
91%
Canada
91%
Canada
91%
Canada
91%
Canada
91%
Canada
91%
Canada
91%
Canada
91%
Canada
91%
Canada
91%
Canada
91%
Canada
91%
Canada
91%
Canada
91%
Canada
91%
Canada
91%
Canada
91%
Canada
91%
Canada
91%
Espagne
91%
Etats-Unis
91%
Etats-Unis
91%
Etats-Unis
91%
Etats-Unis
91%
Etats-Unis
91%
Etats-Unis
91%
Etats-Unis
91%
France
91%
Islande
91%
Italie
91%
Italie
91%
Maroc
91%
Mexique
91%
Mexique
91%
Russie
91%
Russie
91%
Russie
91%
Russie
91%
Russie
91%
Russie
91%
Russie
91%
Russie
91%
Russie
91%
Russie
91%
Russie
91%
Russie
91%
Russie
91%
Russie
91%
Russie
91%
Russie
91%
Russie
91%
Russie
91%
Russie
91%
Russie
91%
Russie
91%
Russie
91%
Russie
91%
Russie
91%
Russie
91%
Russie
91%
Russie
91%
Russie
91%
Russie
91%
Russie
91%
Russie
91%
Russie
91%
Russie
91%
Argentine
90%
Brésil
90%
Brésil
90%
Brésil
90%
Brésil
90%
Brésil
90%
Canada
90%
Canada
90%
Canada
90%
Canada
90%
Canada
90%
Canada
90%
Canada
90%
Canada
90%
Canada
90%
Canada
90%
Canada
90%
Canada
90%
Canada
90%
Canada
90%
Canada
90%
Canada
90%
Canada
90%
Canada
90%
Canada
90%
Canada
90%
Canada
90%
Canada
90%
Etats-Unis
90%
Etats-Unis
90%
Etats-Unis
90%
Italie
90%
Maroc
90%
Mexique
90%
Mexique
90%
Mexique
90%
Mexique
90%
Norvège
90%
Royaume-Uni
90%
Royaume-Uni
90%
Russie
90%
Russie
90%
Russie
90%
Russie
90%
Russie
90%
Russie
90%
Russie
90%
Russie
90%
Russie
90%
Russie
90%
Russie
90%
Russie
90%
Russie
90%
Russie
90%
Russie
90%
Russie
90%
Russie
90%
Russie
90%
Russie
90%
Russie
90%
Russie
90%
Russie
90%
Russie
90%
Russie
90%
Russie
90%
Russie
90%
Russie
90%
Russie
90%
Russie
90%
Russie
90%
Russie
90%
Russie
90%
Russie
90%
Russie
90%
Russie
90%
Russie
90%
Russie
90%
Russie
90%
Russie
90%
Russie
90%
Suisse
90%
Afrique du Sud
89%
Algérie
89%
Argentine
89%
Argentine
89%
Argentine
89%
Australie
89%
Australie
89%
Brésil
89%
Brésil
89%
Brésil
89%
Brésil
89%
Brésil
89%
Brésil
89%
Brésil
89%
Brésil
89%
Brésil
89%
Brésil
89%
Brésil
89%
Canada
89%
Canada
89%
Canada
89%
Canada
89%
Canada
89%
Canada
89%
Canada
89%
Canada
89%
Canada
89%
Canada
89%
Canada
89%
Chine
89%
Etats-Unis
89%
Etats-Unis
89%
Etats-Unis
89%
Etats-Unis
89%
Etats-Unis
89%
Etats-Unis
89%
Etats-Unis
89%
Etats-Unis
89%
Etats-Unis
89%
Etats-Unis
89%
France
89%
Inde
89%
Inde
89%
Inde
89%
Mexique
89%
Norvège
89%
Portugal
89%
Royaume-Uni
89%
Russie
89%
Russie
89%
Russie
89%
Russie
89%
Russie
89%
Russie
89%
Russie
89%
Russie
89%
Russie
89%
Russie
89%
Russie
89%
Russie
89%
Russie
89%
Russie
89%
Russie
89%
Russie
89%
Russie
89%
Russie
89%
Russie
89%
Russie
89%
Russie
89%
Russie
89%
Russie
89%
Russie
89%
Russie
89%
Russie
89%
Russie
89%
Russie
89%
Russie
89%
Russie
89%
Russie
89%
Russie
89%
Russie
89%
Russie
89%
Russie
89%
Russie
89%
Russie
89%
Russie
89%
Russie
89%
Russie
89%
Russie
89%
Russie
89%
Russie
89%
Russie
89%
Russie
89%
Russie
89%
Russie
89%
Russie
89%
Russie
89%
Russie
89%
Russie
89%
Russie
89%
Russie
89%
Russie
89%
Russie
89%
Russie
89%
Suède
89%
Suède
89%
Allemagne
88%
Australie
88%
Brésil
88%
Brésil
88%
Brésil
88%
Canada
88%
Canada
88%
Canada
88%
Canada
88%
Canada
88%
Canada
88%
Canada
88%
Canada
88%
Canada
88%
Canada
88%
Canada
88%
Canada
88%
Chili
88%
Chili
88%
Chine
88%
Chine
88%
Danemark
88%
Danemark
88%
Espagne
88%
Etats-Unis
88%
Etats-Unis
88%
Etats-Unis
88%
Etats-Unis
88%
Etats-Unis
88%
Etats-Unis
88%
France
88%
Italie
88%
Maroc
88%
Maroc
88%
Mexique
88%
Mexique
88%
Mexique
88%
Norvège
88%
Norvège
88%
Russie
88%
Russie
88%
Russie
88%
Russie
88%
Russie
88%
Russie
88%
Russie
88%
Russie
88%
Russie
88%
Russie
88%
Russie
88%
Russie
88%
Russie
88%
Russie
88%
Russie
88%
Russie
88%
Russie
88%
Russie
88%
Russie
88%
Russie
88%
Russie
88%
Russie
88%
Russie
88%
Russie
88%
Russie
88%
Russie
88%
Russie
88%
Russie
88%
Russie
88%
Russie
88%
Russie
88%
Russie
88%
Russie
88%
Russie
88%
Russie
88%
Russie
88%
Russie
88%
Russie
88%
Russie
88%
Russie
88%
Russie
88%
Russie
88%
Russie
88%
Russie
88%
Russie
88%
Russie
88%
Russie
88%
Russie
88%
Russie
88%
Russie
88%
Russie
88%
Russie
88%
Russie
88%
Russie
88%
Russie
88%
Russie
88%
Russie
88%
Russie
88%
Russie
88%
Russie
88%
Russie
88%
Russie
88%
Russie
88%
Suède
88%
Afrique du Sud
87%
Algérie
87%
Algérie
87%
Algérie
87%
Allemagne
87%
Argentine
87%
Argentine
87%
Argentine
87%
Argentine
87%
Australie
87%
Australie
87%
Australie
87%
Australie
87%
Belgique
87%
Brésil
87%
Brésil
87%
Brésil
87%
Brésil
87%
Brésil
87%
Brésil
87%
Brésil
87%
Brésil
87%
Brésil
87%
Canada
87%
Canada
87%
Canada
87%
Chine
87%
Danemark
87%
Etats-Unis
87%
Etats-Unis
87%
Etats-Unis
87%
Grèce
87%
Inde
87%
Inde
87%
Islande
87%
Madagascar
87%
Madagascar
87%
Mexique
87%
Royaume-Uni
87%
Royaume-Uni
87%
Royaume-Uni
87%
Russie
87%
Russie
87%
Russie
87%
Russie
87%
Russie
87%
Russie
87%
Russie
87%
Russie
87%
Russie
87%
Russie
87%
Russie
87%
Russie
87%
Russie
87%
Russie
87%
Russie
87%
Russie
87%
Russie
87%
Russie
87%
Russie
87%
Russie
87%
Russie
87%
Russie
87%
Russie
87%
Russie
87%
Russie
87%
Russie
87%
Russie
87%
Russie
87%
Russie
87%
Russie
87%
Russie
87%
Russie
87%
Russie
87%
Russie
87%
Russie
87%
Russie
87%
Russie
87%
Russie
87%
Russie
87%
Russie
87%
Russie
87%
Russie
87%
Russie
87%
Russie
87%
Russie
87%
Turquie
87%
Afrique du Sud
86%
Algérie
86%
Argentine
86%
Argentine
86%
Argentine
86%
Australie
86%
Australie
86%
Australie
86%
Australie
86%
Australie
86%
Australie
86%
Australie
86%
Australie
86%
Australie
86%
Brésil
86%
Brésil
86%
Brésil
86%
Brésil
86%
Brésil
86%
Brésil
86%
Brésil
86%
Brésil
86%
Brésil
86%
Canada
86%
Canada
86%
Canada
86%
Canada
86%
Canada
86%
Chili
86%
Chili
86%
Chili
86%
Chine
86%
Chine
86%
Chine
86%
Chine
86%
Chine
86%
Chine
86%
Chine
86%
Danemark
86%
Danemark
86%
Etats-Unis
86%
Finlande
86%
France
86%
France
86%
Inde
86%
Inde
86%
Irlande
86%
Italie
86%
Madagascar
86%
Maroc
86%
Mexique
86%
Norvège
86%
Norvège
86%
Russie
86%
Russie
86%
Russie
86%
Russie
86%
Russie
86%
Russie
86%
Russie
86%
Russie
86%
Russie
86%
Russie
86%
Russie
86%
Russie
86%
Russie
86%
Russie
86%
Russie
86%
Russie
86%
Russie
86%
Russie
86%
Russie
86%
Russie
86%
Russie
86%
Russie
86%
Russie
86%
Russie
86%
Russie
86%
Russie
86%
Russie
86%
Russie
86%
Russie
86%
Russie
86%
Russie
86%
Russie
86%
Russie
86%
Russie
86%
Russie
86%
Russie
86%
Russie
86%
Russie
86%
Russie
86%
Russie
86%
Russie
86%
Russie
86%
Russie
86%
Russie
86%
Russie
86%
Russie
86%
Russie
86%
Russie
86%
Russie
86%
Suède
86%
Afrique du Sud
85%
Argentine
85%
Argentine
85%
Argentine
85%
Argentine
85%
Argentine
85%
Australie
85%
Australie
85%
Australie
85%
Australie
85%
Australie
85%
Australie
85%
Brésil
85%
Brésil
85%
Brésil
85%
Brésil
85%
Brésil
85%
Brésil
85%
Chili
85%
Chili
85%
Chine
85%
Chine
85%
Chine
85%
Chine
85%
Chine
85%
Cuba
85%
Danemark
85%
Etats-Unis
85%
Finlande
85%
Inde
85%
Inde
85%
Inde
85%
Islande
85%
Italie
85%
Japon
85%
Maroc
85%
Maroc
85%
Maroc
85%
Mexique
85%
Mexique
85%
Pays-Bas
85%
Pays-Bas
85%
Russie
85%
Russie
85%
Russie
85%
Russie
85%
Russie
85%
Russie
85%
Russie
85%
Russie
85%
Russie
85%
Russie
85%
Russie
85%
Russie
85%
Russie
85%
Russie
85%
Russie
85%
Russie
85%
Russie
85%
Russie
85%
Russie
85%
Russie
85%
Russie
85%
Russie
85%
Russie
85%
Russie
85%
Russie
85%
Russie
85%
Russie
85%
Russie
85%
Russie
85%
Russie
85%
Russie
85%
Russie
85%
Russie
85%
Russie
85%
Russie
85%
Russie
85%
Russie
85%
Russie
85%
Suède
85%
Afrique du Sud
84%
Algérie
84%
Algérie
84%
Algérie
84%
Argentine
84%
Argentine
84%
Argentine
84%
Australie
84%
Australie
84%
Australie
84%
Australie
84%
Australie
84%
Australie
84%
Australie
84%
Australie
84%
Australie
84%
Belgique
84%
Brésil
84%
Brésil
84%
Chine
84%
Chine
84%
Chine
84%
Chine
84%
Chine
84%
Chine
84%
Chine
84%
Chine
84%
Chine
84%
Chine
84%
Chine
84%
Cuba
84%
Danemark
84%
Danemark
84%
Danemark
84%
Danemark
84%
Danemark
84%
Égypte
84%
Inde
84%
Italie
84%
Norvège
84%
Norvège
84%
Royaume-Uni
84%
Russie
84%
Russie
84%
Russie
84%
Russie
84%
Russie
84%
Russie
84%
Russie
84%
Russie
84%
Russie
84%
Russie
84%
Russie
84%
Russie
84%
Russie
84%
Russie
84%
Russie
84%
Russie
84%
Russie
84%
Russie
84%
Russie
84%
Russie
84%
Russie
84%
Russie
84%
Russie
84%
Russie
84%
Russie
84%
Russie
84%
Russie
84%
Russie
84%
Russie
84%
Russie
84%
Russie
84%
Russie
84%
Russie
84%
Russie
84%
Russie
84%
Russie
84%
Russie
84%
Russie
84%
Russie
84%
Russie
84%
Russie
84%
Russie
84%
Russie
84%
Russie
84%
Russie
84%
Suède
84%
Suède
84%
Suède
84%
Suède
84%
Tunisie
84%
Afrique du Sud
83%
Afrique du Sud
83%
Algérie
83%
Argentine
83%
Argentine
83%
Australie
83%
Australie
83%
Australie
83%
Australie
83%
Australie
83%
Australie
83%
Australie
83%
Australie
83%
Brésil
83%
Canada
83%
Canada
83%
Chili
83%
Chili
83%
Chine
83%
Chine
83%
Chine
83%
Chine
83%
Chine
83%
Chine
83%
Chine
83%
Chine
83%
Cuba
83%
Danemark
83%
Danemark
83%
Danemark
83%
Danemark
83%
Danemark
83%
Etats-Unis
83%
Etats-Unis
83%
Finlande
83%
Inde
83%
Inde
83%
Inde
83%
Inde
83%
Inde
83%
Inde
83%
Italie
83%
Mexique
83%
Pologne
83%
Russie
83%
Russie
83%
Russie
83%
Russie
83%
Russie
83%
Russie
83%
Russie
83%
Russie
83%
Russie
83%
Russie
83%
Russie
83%
Russie
83%
Russie
83%
Russie
83%
Russie
83%
Russie
83%
Russie
83%
Russie
83%
Russie
83%
Russie
83%
Russie
83%
Russie
83%
Russie
83%
Russie
83%
Russie
83%
Russie
83%
Russie
83%
Russie
83%
Russie
83%
Russie
83%
Russie
83%
Russie
83%
Suède
83%
Afrique du Sud
82%
Argentine
82%
Argentine
82%
Argentine
82%
Argentine
82%
Argentine
82%
Australie
82%
Australie
82%
Australie
82%
Australie
82%
Australie
82%
Australie
82%
Australie
82%
Australie
82%
Australie
82%
Australie
82%
Brésil
82%
Brésil
82%
Chili
82%
Chili
82%
Chili
82%
Chine
82%
Chine
82%
Chine
82%
Chine
82%
Chine
82%
Chine
82%
Chine
82%
Chine
82%
Chine
82%
Chine
82%
Chine
82%
Chine
82%
Danemark
82%
Danemark
82%
Danemark
82%
Danemark
82%
Danemark
82%
Danemark
82%
Finlande
82%
Grèce
82%
Madagascar
82%
Maroc
82%
Mexique
82%
Mexique
82%
Russie
82%
Russie
82%
Russie
82%
Russie
82%
Russie
82%
Russie
82%
Russie
82%
Russie
82%
Russie
82%
Russie
82%
Russie
82%
Russie
82%
Russie
82%
Russie
82%
Russie
82%
Russie
82%
Russie
82%
Russie
82%
Russie
82%
Russie
82%
Sri Lanka
82%
Suède
82%
Afrique du Sud
81%
Afrique du Sud
81%
Algérie
81%
Algérie
81%
Algérie
81%
Algérie
81%
Algérie
81%
Allemagne
81%
Arabie Saoudite
81%
Argentine
81%
Argentine
81%
Argentine
81%
Argentine
81%
Argentine
81%
Australie
81%
Australie
81%
Australie
81%
Australie
81%
Australie
81%
Brésil
81%
Chili
81%
Chili
81%
Chine
81%
Chine
81%
Chine
81%
Chine
81%
Chine
81%
Chine
81%
Chine
81%
Chine
81%
Chine
81%
Chine
81%
Danemark
81%
Danemark
81%
Danemark
81%
Danemark
81%
Danemark
81%
Danemark
81%
Danemark
81%
Danemark
81%
France
81%
Inde
81%
Inde
81%
Japon
81%
Madagascar
81%
Maroc
81%
Norvège
81%
Norvège
81%
Pérou
81%
Royaume-Uni
81%
Russie
81%
Russie
81%
Russie
81%
Russie
81%
Russie
81%
Russie
81%
Russie
81%
Russie
81%
Russie
81%
Russie
81%
Russie
81%
Russie
81%
Russie
81%
Suède
81%
Afrique du Sud
80%
Algérie
80%
Argentine
80%
Argentine
80%
Argentine
80%
Australie
80%
Australie
80%
Australie
80%
Australie
80%
Australie
80%
Australie
80%
Australie
80%
Australie
80%
Brésil
80%
Brésil
80%
Chili
80%
Chili
80%
Chine
80%
Chine
80%
Chine
80%
Chine
80%
Chine
80%
Chine
80%
Chine
80%
Chine
80%
Chine
80%
Chine
80%
Danemark
80%
Danemark
80%
Danemark
80%
Danemark
80%
Danemark
80%
Danemark
80%
Égypte
80%
Égypte
80%
Égypte
80%
Finlande
80%
Inde
80%
Inde
80%
Inde
80%
Japon
80%
Russie
80%
Russie
80%
Russie
80%
Russie
80%
Russie
80%
Russie
80%
Russie
80%
Russie
80%
Russie
80%
Russie
80%
Suède
80%
Suède
80%
Afrique du Sud
79%
Afrique du Sud
79%
Algérie
79%
Algérie
79%
Argentine
79%
Argentine
79%
Argentine
79%
Argentine
79%
Australie
79%
Australie
79%
Australie
79%
Australie
79%
Australie
79%
Australie
79%
Australie
79%
Australie
79%
Australie
79%
Australie
79%
Australie
79%
Australie
79%
Brésil
79%
Brésil
79%
Chine
79%
Chine
79%
Chine
79%
Chine
79%
Chine
79%
Chine
79%
Chine
79%
Chine
79%
Danemark
79%
Danemark
79%
Danemark
79%
Danemark
79%
Danemark
79%
Danemark
79%
Danemark
79%
Danemark
79%
Danemark
79%
Etats-Unis
79%
Finlande
79%
Grèce
79%
Inde
79%
Inde
79%
Inde
79%
Inde
79%
Inde
79%
Inde
79%
Islande
79%
Italie
79%
Japon
79%
Libye
79%
Pérou
79%
Pologne
79%
Russie
79%
Russie
79%
Russie
79%
Russie
79%
Russie
79%
Russie
79%
Russie
79%
Russie
79%
Russie
79%
Russie
79%
Russie
79%
Russie
79%
Russie
79%
Turquie
79%
Afrique du Sud
78%
Algérie
78%
Algérie
78%
Arabie Saoudite
78%
Argentine
78%
Australie
78%
Australie
78%
Australie
78%
Australie
78%
Australie
78%
Australie
78%
Australie
78%
Australie
78%
Australie
78%
Australie
78%
Brésil
78%
Brésil
78%
Brésil
78%
Brésil
78%
Chine
78%
Chine
78%
Chine
78%
Chine
78%
Chine
78%
Chine
78%
Chine
78%
Chine
78%
Chine
78%
Chine
78%
Danemark
78%
Danemark
78%
Danemark
78%
Danemark
78%
Égypte
78%
Égypte
78%
Grèce
78%
Inde
78%
Inde
78%
Italie
78%
Japon
78%
Madagascar
78%
Mexique
78%
Norvège
78%
Pérou
78%
Russie
78%
Russie
78%
Russie
78%
Afrique du Sud
77%
Afrique du Sud
77%
Algérie
77%
Algérie
77%
Algérie
77%
Allemagne
77%
Arabie Saoudite
77%
Arabie Saoudite
77%
Argentine
77%
Argentine
77%
Australie
77%
Australie
77%
Australie
77%
Australie
77%
Australie
77%
Brésil
77%
Brésil
77%
Cap-Vert
77%
Chine
77%
Chine
77%
Chine
77%
Chine
77%
Chine
77%
Chine
77%
Chine
77%
Chine
77%
Chine
77%
Chine
77%
Chine
77%
Chine
77%
Chine
77%
Chine
77%
Chine
77%
Chine
77%
Colombie
77%
Colombie
77%
Cuba
77%
Danemark
77%
Danemark
77%
Danemark
77%
Danemark
77%
Danemark
77%
Danemark
77%
Danemark
77%
Équateur
77%
Inde
77%
Inde
77%
Inde
77%
Inde
77%
Inde
77%
Japon
77%
Madagascar
77%
Norvège
77%
Pérou
77%
Pérou
77%
Pérou
77%
Russie
77%
Russie
77%
Russie
77%
Tunisie
77%
Turquie
77%
Turquie
77%
Turquie
77%
Uruguay
77%
Afrique du Sud
76%
Algérie
76%
Australie
76%
Australie
76%
Australie
76%
Australie
76%
Australie
76%
Australie
76%
Australie
76%
Australie
76%
Australie
76%
Brésil
76%
Brésil
76%
Chine
76%
Chine
76%
Chine
76%
Chine
76%
Chine
76%
Chine
76%
Danemark
76%
Danemark
76%
Danemark
76%
Danemark
76%
Danemark
76%
Danemark
76%
Égypte
76%
Inde
76%
Inde
76%
Japon
76%
Libye
76%
Maroc
76%
Pérou
76%
Pérou
76%
Pérou
76%
Pérou
76%
Russie
76%
Russie
76%
Sri Lanka
76%
Tunisie
76%
Venezuela
76%
Allemagne
75%
Argentine
75%
Australie
75%
Australie
75%
Australie
75%
Australie
75%
Australie
75%
Brésil
75%
Brésil
75%
Chili
75%
Chine
75%
Chine
75%
Chine
75%
Chine
75%
Chine
75%
Chine
75%
Chine
75%
Chine
75%
Chine
75%
Chine
75%
Chine
75%
Chine
75%
Chine
75%
Colombie
75%
Colombie
75%
Danemark
75%
Danemark
75%
Danemark
75%
Danemark
75%
Égypte
75%
Espagne
75%
Finlande
75%
Inde
75%
Inde
75%
Inde
75%
Indonésie
75%
Japon
75%
Malte
75%
Mongolie
75%
Norvège
75%
Pérou
75%
Russie
75%
Russie
75%
Russie
75%
Turquie
75%
Turquie
75%
Afrique du Sud
74%
Afrique du Sud
74%
Algérie
74%
Arabie Saoudite
74%
Argentine
74%
Australie
74%
Australie
74%
Australie
74%
Australie
74%
Australie
74%
Australie
74%
Australie
74%
Australie
74%
Chine
74%
Chine
74%
Chine
74%
Chine
74%
Chine
74%
Chine
74%
Chine
74%
Chine
74%
Chine
74%
Chine
74%
Chine
74%
Chine
74%
Chine
74%
Chine
74%
Colombie
74%
Corée du Nord
74%
Danemark
74%
Danemark
74%
Danemark
74%
Danemark
74%
Égypte
74%
Égypte
74%
Finlande
74%
Libye
74%
Madagascar
74%
Mexique
74%
Mongolie
74%
Norvège
74%
Pérou
74%
Pérou
74%
Pérou
74%
Pologne
74%
Russie
74%
Suède
74%
Yémen
74%
Algérie
73%
Argentine
73%
Argentine
73%
Australie
73%
Australie
73%
Australie
73%
Australie
73%
Brésil
73%
Chili
73%
Chine
73%
Chine
73%
Chine
73%
Chine
73%
Chine
73%
Chine
73%
Chine
73%
Chine
73%
Chine
73%
Chine
73%
Chine
73%
Cuba
73%
Danemark
73%
Danemark
73%
Danemark
73%
Danemark
73%
Danemark
73%
Danemark
73%
Danemark
73%
Estonie
73%
Finlande
73%
Inde
73%
Inde
73%
Inde
73%
Inde
73%
Japon
73%
Japon
73%
Japon
73%
Luxembourg
73%
Madagascar
73%
Madagascar
73%
Madagascar
73%
Pérou
73%
Pérou
73%
Pérou
73%
Russie
73%
Tunisie
73%
Turquie
73%
Algérie
72%
Algérie
72%
Allemagne
72%
Arabie Saoudite
72%
Arabie Saoudite
72%
Arabie Saoudite
72%
Arabie Saoudite
72%
Australie
72%
Australie
72%
Australie
72%
Australie
72%
Australie
72%
Australie
72%
Australie
72%
Bolivie
72%
Brésil
72%
Brésil
72%
Brésil
72%
Cap-Vert
72%
Chili
72%
Chine
72%
Chine
72%
Chine
72%
Chine
72%
Chine
72%
Chine
72%
Chine
72%
Chine
72%
Chine
72%
Chine
72%
Colombie
72%
Colombie
72%
Danemark
72%
Danemark
72%
Égypte
72%
Libye
72%
Libye
72%
Mexique
72%
Oman
72%
Pérou
72%
Turquie
72%
Ukraine
72%
Uruguay
72%
Afrique du Sud
71%
Arabie Saoudite
71%
Argentine
71%
Argentine
71%
Australie
71%
Australie
71%
Australie
71%
Australie
71%
Australie
71%
Australie
71%
Bolivie
71%
Chine
71%
Chine
71%
Chine
71%
Chine
71%
Chine
71%
Chine
71%
Chine
71%
Colombie
71%
Croatie
71%
Danemark
71%
Danemark
71%
Danemark
71%
Égypte
71%
Égypte
71%
Finlande
71%
Finlande
71%
Finlande
71%
Inde
71%
Japon
71%
Japon
71%
Madagascar
71%
Mongolie
71%
Panama
71%
Roumanie
71%
Royaume-Uni
71%
Somalie
71%
Somalie
71%
Somalie
71%
Suisse
71%
Venezuela
71%
Arabie Saoudite
70%
Arabie Saoudite
70%
Arabie Saoudite
70%
Arabie Saoudite
70%
Australie
70%
Chine
70%
Chine
70%
Chine
70%
Chine
70%
Colombie
70%
Colombie
70%
Corée du Nord
70%
Corée du Sud
70%
Cuba
70%
Danemark
70%
Danemark
70%
Danemark
70%
Danemark
70%
Danemark
70%
Danemark
70%
Danemark
70%
Égypte
70%
Égypte
70%
Espagne
70%
Finlande
70%
Inde
70%
Inde
70%
Libye
70%
Mali
70%
Mongolie
70%
Mongolie
70%
Nouvelle-Zélande
70%
Turquie
70%
Turquie
70%
Ukraine
70%
Arabie Saoudite
69%
Argentine
69%
Australie
69%
Australie
69%
Bolivie
69%
Bolivie
69%
Brésil
69%
Cap-Vert
69%
Chili
69%
Chine
69%
Chine
69%
Chine
69%
Chine
69%
Chine
69%
Colombie
69%
Colombie
69%
Danemark
69%
Danemark
69%
Inde
69%
Indonésie
69%
Indonésie
69%
Mali
69%
Mongolie
69%
Panama
69%
Sri Lanka
69%
Suède
69%
Tunisie
69%
Turquie
69%
Turquie
69%
Venezuela
69%
Venezuela
69%
Arabie Saoudite
68%
Arabie Saoudite
68%
Australie
68%
Bolivie
68%
Chine
68%
Chine
68%
Chine
68%
Chine
68%
Colombie
68%
Corée du Sud
68%
Corée du Sud
68%
Corée du Sud
68%
Guyana
68%
Inde
68%
Inde
68%
Libye
68%
Libye
68%
Mexique
68%
Mongolie
68%
Mongolie
68%
Mongolie
68%
Mongolie
68%
Mongolie
68%
Oman
68%
Paraguay
68%
Pérou
68%
Pérou
68%
Pologne
68%
Somalie
68%
Venezuela
68%
Yémen
68%
Yémen
68%
Afrique du Sud
67%
Algérie
67%
Bolivie
67%
Bolivie
67%
Chili
67%
Chine
67%
Chine
67%
Chine
67%
Chine
67%
Colombie
67%
Corée du Nord
67%
Cuba
67%
Égypte
67%
Égypte
67%
Grèce
67%
Mongolie
67%
Panama
67%
Pérou
67%
Pologne
67%
Somalie
67%
Somalie
67%
Turquie
67%
Turquie
67%
Uruguay
67%
Venezuela
67%
Venezuela
67%
Afrique du Sud
66%
Afrique du Sud
66%
Arabie Saoudite
66%
Arabie Saoudite
66%
Australie
66%
Bolivie
66%
Chine
66%
Chine
66%
Chine
66%
Chine
66%
Équateur
66%
Éthiopie
66%
Guyana
66%
Inde
66%
Inde
66%
Iran
66%
Libye
66%
Mongolie
66%
Nouvelle-Zélande
66%
Pays-Bas
66%
Pérou
66%
RD Congo
66%
Turquie
66%
Yémen
66%
Argentine
65%
Chine
65%
Colombie
65%
Corée du Nord
65%
Égypte
65%
Équateur
65%
Inde
65%
Inde
65%
Libye
65%
Libye
65%
Libye
65%
Lituanie
65%
Mali
65%
Mali
65%
Mauritanie
65%
Mongolie
65%
Mongolie
65%
Mongolie
65%
Norvège
65%
Paraguay
65%
Soudan
65%
Taïwan
65%
Yémen
65%
Allemagne
64%
Arabie Saoudite
64%
Australie
64%
Bolivie
64%
Bolivie
64%
Colombie
64%
Croatie
64%
Inde
64%
Indonésie
64%
Indonésie
64%
Israël
64%
Libye
64%
Libye
64%
Libye
64%
Libye
64%
Maldives
64%
Maroc
64%
Mongolie
64%
Mongolie
64%
Mongolie
64%
Mongolie
64%
Mongolie
64%
Mongolie
64%
Mongolie
64%
Paraguay
64%
Paraguay
64%
RD Congo
64%
RD Congo
64%
République du Congo
64%
Somalie
64%
Venezuela
64%
Venezuela
64%
Yémen
64%
Algérie
63%
Arabie Saoudite
63%
Corée du Sud
63%
Danemark
63%
Danemark
63%
Équateur
63%
Estonie
63%
Haïti
63%
Indonésie
63%
Irak
63%
Iran
63%
Kazakhstan
63%
Libye
63%
Libye
63%
Mongolie
63%
Mongolie
63%
Pakistan
63%
Paraguay
63%
Soudan
63%
Suriname
63%
Uruguay
63%
Venezuela
63%
Venezuela
63%
Algérie
62%
Algérie
62%
Chine
62%
Égypte
62%
Grèce
62%
Indonésie
62%
Indonésie
62%
Indonésie
62%
Kazakhstan
62%
Lettonie
62%
Maroc
62%
Mongolie
62%
Paraguay
62%
Qatar
62%
Sénégal
62%
Yémen
62%
Algérie
61%
Arabie Saoudite
61%
Arabie Saoudite
61%
Bolivie
61%
Chili
61%
Colombie
61%
Inde
61%
Indonésie
61%
Indonésie
61%
Indonésie
61%
Indonésie
61%
Libye
61%
Libye
61%
Mali
61%
Maroc
61%
Mauritanie
61%
Mongolie
61%
Mongolie
61%
Mongolie
61%
Niger
61%
Nouvelle-Zélande
61%
Somalie
61%
Soudan
61%
Algérie
60%
Arabie Saoudite
60%
Chine
60%
Chypre
60%
Inde
60%
Indonésie
60%
Irak
60%
Libye
60%
Libye
60%
Mali
60%
Mongolie
60%
Mongolie
60%
Nouvelle-Zélande
60%
Oman
60%
Pérou
60%
Philippines
60%
Pologne
60%
Qatar
60%
République du Congo
60%
République du Congo
60%
Sénégal
60%
Soudan
60%
Soudan
60%
Turquie
60%
Ukraine
60%
Ukraine
60%
Venezuela
60%
Albanie
59%
Angola
59%
Biélorussie
59%
Bolivie
59%
Bolivie
59%
Brésil
59%
Chine
59%
Colombie
59%
Colombie
59%
Colombie
59%
Haïti
59%
Île Maurice
59%
Inde
59%
Indonésie
59%
Indonésie
59%
Kazakhstan
59%
Mali
59%
Nouvelle-Zélande
59%
Nouvelle-Zélande
59%
Nouvelle-Zélande
59%
Oman
59%
Panama
59%
RD Congo
59%
RD Congo
59%
Soudan
59%
Suriname
59%
Ukraine
59%
Venezuela
59%
Algérie
58%
Arabie Saoudite
58%
Bahamas
58%
Chili
58%
Chine
58%
Chine
58%
Émirats arabes unis
58%
Indonésie
58%
Iran
58%
Libye
58%
Oman
58%
Paraguay
58%
Philippines
58%
Portugal
58%
RD Congo
58%
Somalie
58%
Somalie
58%
Turquie
58%
Viêt Nam
58%
Arabie Saoudite
57%
Bolivie
57%
Bolivie
57%
Chine
57%
Danemark
57%
Espagne
57%
Éthiopie
57%
France
57%
Indonésie
57%
Indonésie
57%
Iran
57%
Libye
57%
Mali
57%
Mali
57%
Mongolie
57%
Niger
57%
Pologne
57%
RD Congo
57%
Sao Tomé-et-Principe
57%
Sénégal
57%
Somalie
57%
Soudan
57%
Soudan
57%
Thaïlande
57%
Turquie
57%
Viêt Nam
57%
Arabie Saoudite
56%
Arabie Saoudite
56%
Chypre
56%
Indonésie
56%
Indonésie
56%
Indonésie
56%
Indonésie
56%
Iran
56%
Mongolie
56%
Philippines
56%
Pologne
56%
Pologne
56%
RD Congo
56%
Saint-Marin
56%
Soudan
56%
Tchad
56%
Thaïlande
56%
Turquie
56%
Venezuela
56%
Afrique du Sud
55%
Angola
55%
Arabie Saoudite
55%
Bolivie
55%
Guyana
55%
Indonésie
55%
Indonésie
55%
Irak
55%
Irak
55%
Irak
55%
Israël
55%
Jamaïque
55%
Kazakhstan
55%
Kazakhstan
55%
Kenya
55%
Mali
55%
Mali
55%
Mauritanie
55%
Namibie
55%
Namibie
55%
Nouvelle-Zélande
55%
Oman
55%
Philippines
55%
Slovénie
55%
Soudan
55%
Soudan
55%
Syrie
55%
Turquie
55%
Turquie
55%
Ukraine
55%
Algérie
54%
Angola
54%
Bolivie
54%
Corée du Nord
54%
Croatie
54%
Haïti
54%
Indonésie
54%
Indonésie
54%
Indonésie
54%
Indonésie
54%
Irak
54%
Iran
54%
Iran
54%
Kazakhstan
54%
Kazakhstan
54%
Kazakhstan
54%
Kazakhstan
54%
Libye
54%
Mauritanie
54%
Mozambique
54%
Nigeria
54%
Nigeria
54%
Pakistan
54%
Pakistan
54%
RD Congo
54%
Soudan
54%
Soudan
54%
Soudan
54%
Suriname
54%
Thaïlande
54%
Thaïlande
54%
Ukraine
54%
Venezuela
54%
Venezuela
54%
Viêt Nam
54%
Yémen
54%
Arabie Saoudite
53%
Bolivie
53%
Costa Rica
53%
Éthiopie
53%
Éthiopie
53%
France
53%
Indonésie
53%
Indonésie
53%
Indonésie
53%
Indonésie
53%
Iran
53%
Iran
53%
Kazakhstan
53%
Kazakhstan
53%
Mali
53%
Mauritanie
53%
Mauritanie
53%
Mozambique
53%
Népal
53%
Niger
53%
Pakistan
53%
Pakistan
53%
Paraguay
53%
Philippines
53%
Philippines
53%
RD Congo
53%
RD Congo
53%
République dominicaine
53%
Sénégal
53%
Soudan
53%
Soudan
53%
Tanzanie
53%
Tchad
53%
Turquie
53%
Ukraine
53%
Viêt Nam
53%
Algérie
52%
Arabie Saoudite
52%
Bahamas
52%
Biélorussie
52%
Bolivie
52%
Bulgarie
52%
Estonie
52%
Indonésie
52%
Indonésie
52%
Iran
52%
Iran
52%
Jamaïque
52%
Kazakhstan
52%
Kazakhstan
52%
Kazakhstan
52%
Kazakhstan
52%
Kazakhstan
52%
Kenya
52%
Libye
52%
Lituanie
52%
Mali
52%
Mali
52%
Mauritanie
52%
Mauritanie
52%
Mauritanie
52%
Népal
52%
Niger
52%
Nouvelle-Zélande
52%
Philippines
52%
RD Congo
52%
RD Congo
52%
RD Congo
52%
République du Congo
52%
Roumanie
52%
Roumanie
52%
Sénégal
52%
Taïwan
52%
Thaïlande
52%
Ukraine
52%
Viêt Nam
52%
Viêt Nam
52%
Arabie Saoudite
51%
Autriche
51%
Biélorussie
51%
Indonésie
51%
Indonésie
51%
Indonésie
51%
Kazakhstan
51%
Lituanie
51%
Mali
51%
Mozambique
51%
Namibie
51%
Oman
51%
Paraguay
51%
Philippines
51%
RD Congo
51%
RD Congo
51%
Slovénie
51%
Soudan
51%
Tchad
51%
Ukraine
51%
Ukraine
51%
Algérie
50%
Arabie Saoudite
50%
Bangladesh
50%
Inde
50%
Indonésie
50%
Indonésie
50%
Indonésie
50%
Iran
50%
Iran
50%
Iran
50%
Israël
50%
Kazakhstan
50%
Libye
50%
Libye
50%
Namibie
50%
Namibie
50%
Namibie
50%
Niger
50%
Paraguay
50%
Philippines
50%
RD Congo
50%
RD Congo
50%
Soudan
50%
Tanzanie
50%
Yémen
50%
Albanie
49%
Angola
49%
Arabie Saoudite
49%
Autriche
49%
Autriche
49%
Émirats arabes unis
49%
Indonésie
49%
Indonésie
49%
Iran
49%
Kazakhstan
49%
Kazakhstan
49%
Kazakhstan
49%
Kazakhstan
49%
Niger
49%
Niger
49%
Nigeria
49%
Pakistan
49%
Pakistan
49%
RD Congo
49%
RD Congo
49%
Somalie
49%
Soudan
49%
Soudan
49%
Taïwan
49%
Tanzanie
49%
Algérie
48%
Angola
48%
Bangladesh
48%
Bosnie-Herzégovine
48%
Bulgarie
48%
Cambodge
48%
Costa Rica
48%
Émirats arabes unis
48%
Éthiopie
48%
Éthiopie
48%
Guyana
48%
Indonésie
48%
Irak
48%
Iran
48%
Iran
48%
Iran
48%
Japon
48%
Jordanie
48%
Kazakhstan
48%
Kazakhstan
48%
Kazakhstan
48%
Laos
48%
Lettonie
48%
Lettonie
48%
Mauritanie
48%
Mozambique
48%
Népal
48%
Népal
48%
Niger
48%
Niger
48%
Philippines
48%
Philippines
48%
Pologne
48%
Pologne
48%
République dominicaine
48%
Thaïlande
48%
Thaïlande
48%
Thaïlande
48%
Algérie
47%
Angola
47%
Croatie
47%
Djibouti
47%
Éthiopie
47%
Géorgie
47%
Indonésie
47%
Indonésie
47%
Iran
47%
Iran
47%
Nigeria
47%
Nouvelle-Zélande
47%
Nouvelle-Zélande
47%
Pakistan
47%
Papouasie-Nouvelle-Guinée
47%
Philippines
47%
RD Congo
47%
République Centrafricaine
47%
République du Congo
47%
Soudan
47%
Soudan
47%
Soudan
47%
Syrie
47%
Tchad
47%
Thaïlande
47%
Thaïlande
47%
Viêt Nam
47%
Angola
46%
Bahamas
46%
Biélorussie
46%
Birmanie
46%
Botswana
46%
Corée du Nord
46%
Éthiopie
46%
Éthiopie
46%
Indonésie
46%
Kazakhstan
46%
Kazakhstan
46%
Kazakhstan
46%
Kazakhstan
46%
Mali
46%
Mauritanie
46%
Mauritanie
46%
Mozambique
46%
Nigeria
46%
Pakistan
46%
Pakistan
46%
Pakistan
46%
Papouasie-Nouvelle-Guinée
46%
Papouasie-Nouvelle-Guinée
46%
RD Congo
46%
RD Congo
46%
Roumanie
46%
Somalie
46%
Soudan
46%
Tchad
46%
Ukraine
46%
Afghanistan
45%
Bangladesh
45%
Biélorussie
45%
Biélorussie
45%
Birmanie
45%
Côte d'Ivoire
45%
Côte d'Ivoire
45%
Équateur
45%
Éthiopie
45%
Indonésie
45%
Irak
45%
Iran
45%
Kazakhstan
45%
Kazakhstan
45%
Malaisie
45%
Mauritanie
45%
Mauritanie
45%
Mauritanie
45%
Mozambique
45%
Namibie
45%
Niger
45%
Niger
45%
Nigeria
45%
Pologne
45%
Roumanie
45%
Soudan
45%
Tchad
45%
Tchad
45%
Ukraine
45%
Venezuela
45%
Viêt Nam
45%
Angola
44%
Cameroun
44%
Côte d'Ivoire
44%
Équateur
44%
Guyana
44%
Honduras
44%
Kazakhstan
44%
Kazakhstan
44%
Kenya
44%
Lesotho
44%
Malaisie
44%
Malaisie
44%
Mali
44%
Mozambique
44%
Mozambique
44%
Namibie
44%
Niger
44%
Niger
44%
Niger
44%
Nigeria
44%
Nigeria
44%
Nigeria
44%
Pakistan
44%
Philippines
44%
RD Congo
44%
République du Congo
44%
Soudan
44%
Tchad
44%
Tchad
44%
Angola
43%
Bangladesh
43%
Birmanie
43%
Botswana
43%
Éthiopie
43%
Indonésie
43%
Irak
43%
Kazakhstan
43%
Kazakhstan
43%
Laos
43%
Liban
43%
Mali
43%
Mauritanie
43%
Mauritanie
43%
Mozambique
43%
Nicaragua
43%
Nigeria
43%
Pakistan
43%
Pakistan
43%
RD Congo
43%
RD Congo
43%
RD Congo
43%
RD Congo
43%
Tchad
43%
Tchad
43%
Ukraine
43%
Angola
42%
Angola
42%
Bénin
42%
Éthiopie
42%
Éthiopie
42%
Ghana
42%
Hongrie
42%
Inde
42%
Jordanie
42%
Kazakhstan
42%
Kazakhstan
42%
Kazakhstan
42%
Kazakhstan
42%
Malaisie
42%
Mauritanie
42%
Namibie
42%
Niger
42%
Niger
42%
Niger
42%
Papouasie-Nouvelle-Guinée
42%
Portugal
42%
Roumanie
42%
Soudan
42%
Thaïlande
42%
Venezuela
42%
Érythrée
41%
Éthiopie
41%
Guatemala
41%
Kazakhstan
41%
Kenya
41%
Kenya
41%
Libye
41%
Mali
41%
Mozambique
41%
Namibie
41%
Namibie
41%
Nicaragua
41%
Niger
41%
Nigeria
41%
Papouasie-Nouvelle-Guinée
41%
RD Congo
41%
Soudan
41%
Syrie
41%
Tanzanie
41%
Tchad
41%
Tchad
41%
Ukraine
41%
Venezuela
41%
Zambie
41%
Autriche
40%
Burkina Faso
40%
Érythrée
40%
Guatemala
40%
Inde
40%
Iran
40%
Iran
40%
Kazakhstan
40%
Kazakhstan
40%
Kazakhstan
40%
Kazakhstan
40%
Laos
40%
Libye
40%
Macédoine du Nord
40%
Mauritanie
40%
Nicaragua
40%
Nicaragua
40%
Nigeria
40%
Ouganda
40%
Papouasie-Nouvelle-Guinée
40%
RD Congo
40%
République Centrafricaine
40%
Serbie
40%
Singapour
40%
Somalie
40%
Syrie
40%
Tanzanie
40%
Tchad
40%
Tchad
40%
Thaïlande
40%
Afghanistan
39%
Cambodge
39%
Cameroun
39%
France
39%
Gabon
39%
Iran
39%
Iran
39%
Kazakhstan
39%
Kazakhstan
39%
Kazakhstan
39%
Kazakhstan
39%
Malaisie
39%
Mauritanie
39%
Mauritanie
39%
Moldavie
39%
Mozambique
39%
Namibie
39%
Namibie
39%
Nigeria
39%
Oman
39%
RD Congo
39%
République tchèque
39%
Soudan
39%
Soudan du Sud
39%
Tanzanie
39%
Tchad
39%
Tchad
39%
Viêt Nam
39%
Algérie
38%
Angola
38%
Angola
38%
Angola
38%
Azerbaïdjan
38%
Belize
38%
Bosnie-Herzégovine
38%
Botswana
38%
Érythrée
38%
Guinée
38%
Honduras
38%
Indonésie
38%
Irak
38%
Kazakhstan
38%
Kenya
38%
Laos
38%
Lituanie
38%
Malaisie
38%
Namibie
38%
Papouasie-Nouvelle-Guinée
38%
Portugal
38%
RD Congo
38%
Royaume-Uni
38%
Soudan du Sud
38%
Soudan du Sud
38%
Syrie
38%
Tanzanie
38%
Viêt Nam
38%
Angola
37%
Angola
37%
Birmanie
37%
Cameroun
37%
Côte d'Ivoire
37%
Espagne
37%
Éthiopie
37%
Honduras
37%
Iran
37%
Iran
37%
Koweït
37%
Mauritanie
37%
Monténégro
37%
Mozambique
37%
Niger
37%
Nigeria
37%
Togo
37%
Ukraine
37%
Afghanistan
36%
Bahamas
36%
Bénin
36%
Birmanie
36%
Birmanie
36%
Bolivie
36%
Botswana
36%
Bulgarie
36%
Érythrée
36%
Eswatini
36%
Éthiopie
36%
Ghana
36%
Hongrie
36%
Kazakhstan
36%
Kenya
36%
Malawi
36%
Mali
36%
Namibie
36%
Nigeria
36%
Serbie
36%
Togo
36%
Angola
35%
Angola
35%
Birmanie
35%
France
35%
Gabon
35%
Géorgie
35%
Guatemala
35%
Iran
35%
Iran
35%
Kazakhstan
35%
Kenya
35%
Papouasie-Nouvelle-Guinée
35%
RD Congo
35%
République Centrafricaine
35%
République du Congo
35%
République tchèque
35%
Sao Tomé-et-Principe
35%
Soudan
35%
Tanzanie
35%
Tchad
35%
Thaïlande
35%
Afghanistan
34%
Allemagne
34%
Birmanie
34%
Birmanie
34%
Botswana
34%
Cambodge
34%
Comores
34%
Iran
34%
Kazakhstan
34%
Kazakhstan
34%
Kazakhstan
34%
Moldavie
34%
République du Congo
34%
Royaume-Uni
34%
Salvador
34%
Soudan
34%
Thaïlande
34%
Zimbabwe
34%
Afghanistan
33%
Azerbaïdjan
33%
Botswana
33%
Botswana
33%
Côte d'Ivoire
33%
Gambie
33%
Irak
33%
Kazakhstan
33%
Kazakhstan
33%
Kazakhstan
33%
Kazakhstan
33%
Laos
33%
Mali
33%
Mauritanie
33%
Nigeria
33%
Pakistan
33%
Papouasie-Nouvelle-Guinée
33%
République Centrafricaine
33%
République tchèque
33%
Tanzanie
33%
Tanzanie
33%
Tchad
33%
Ukraine
33%
Angola
32%
Birmanie
32%
Birmanie
32%
Cameroun
32%
Hongrie
32%
Iran
32%
Kazakhstan
32%
Kazakhstan
32%
Liberia
32%
Niger
32%
Papouasie-Nouvelle-Guinée
32%
Rwanda
32%
Seychelles
32%
Soudan
32%
Soudan du Sud
32%
Tanzanie
32%
Bosnie-Herzégovine
31%
Botswana
31%
Burkina Faso
31%
Cameroun
31%
Gabon
31%
Guinée
31%
Iran
31%
Kazakhstan
31%
Kazakhstan
31%
Kazakhstan
31%
Kazakhstan
31%
Ouganda
31%
Ouzbékistan
31%
Ouzbékistan
31%
Papouasie-Nouvelle-Guinée
31%
République Centrafricaine
31%
République Centrafricaine
31%
République Centrafricaine
31%
République Centrafricaine
31%
République tchèque
31%
Royaume-Uni
31%
Slovaquie
31%
Soudan du Sud
31%
Tanzanie
31%
Trinité-et-Tobago
31%
Turkménistan
31%
Zambie
31%
Angola
30%
Arménie
30%
Birmanie
30%
Burkina Faso
30%
Cameroun
30%
Cameroun
30%
France
30%
Gabon
30%
Géorgie
30%
Ghana
30%
Kenya
30%
Ouzbékistan
30%
Portugal
30%
Tanzanie
30%
Tchad
30%
Zambie
30%
Zimbabwe
30%
Arménie
29%
Birmanie
29%
Birmanie
29%
Botswana
29%
Bulgarie
29%
Burkina Faso
29%
Côte d'Ivoire
29%
Érythrée
29%
Guinée équatoriale
29%
Kenya
29%
Laos
29%
Mozambique
29%
Mozambique
29%
Namibie
29%
Niger
29%
Ouganda
29%
Ouzbékistan
29%
Ouzbékistan
29%
Soudan du Sud
29%
Soudan du Sud
29%
Turkménistan
29%
Afghanistan
28%
Birmanie
28%
Botswana
28%
Guinée équatoriale
28%
Iran
28%
Kiribati
28%
Moldavie
28%
Ouganda
28%
République Centrafricaine
28%
Soudan du Sud
28%
Togo
28%
Zambie
28%
Zimbabwe
28%
Afghanistan
27%
Angola
27%
Azerbaïdjan
27%
Cameroun
27%
Ghana
27%
Hongrie
27%
Jordanie
27%
Kazakhstan
27%
Kazakhstan
27%
Papouasie-Nouvelle-Guinée
27%
Papouasie-Nouvelle-Guinée
27%
République Centrafricaine
27%
Tanzanie
27%
Zambie
27%
Zambie
27%
Zambie
27%
France
26%
Guinée
26%
Kazakhstan
26%
Kazakhstan
26%
Oman
26%
République Centrafricaine
26%
Sierra Leone
26%
Tanzanie
26%
Tanzanie
26%
Turkménistan
26%
Zambie
26%
Afghanistan
25%
Burkina Faso
25%
Gambie
25%
Guinée
25%
Kenya
25%
Malawi
25%
Mali
25%
Pakistan
25%
RD Congo
25%
Roumanie
25%
France
24%
Ghana
24%
Guinée
24%
Guinée-Bissau
24%
Kazakhstan
24%
Liberia
24%
Ouzbékistan
24%
Sierra Leone
24%
Turkménistan
24%
Barbade
23%
Bénin
23%
Fidji
23%
Gabon
23%
Kazakhstan
23%
Kosovo
23%
République Centrafricaine
23%
Tchad
23%
Tchad
23%
Zambie
23%
Zimbabwe
23%
Afghanistan
22%
Bénin
22%
Kirghizistan
22%
Malawi
22%
Papouasie-Nouvelle-Guinée
22%
Soudan du Sud
22%
Timor oriental
22%
Zimbabwe
22%
Azerbaïdjan
21%
Bahreïn
21%
Birmanie
21%
Burundi
21%
Fidji
21%
Ouganda
21%
Ouzbékistan
21%
Saint-Christophe- et-Niévès
21%
Slovaquie
21%
Tchad
21%
Tonga
21%
Turkménistan
21%
Yémen
21%
Zimbabwe
21%
Afghanistan
20%
Afghanistan
20%
Botswana
20%
Cameroun
20%
Dominique
20%
Kazakhstan
20%
Kirghizistan
20%
Libye
20%
Liechtenstein
20%
Serbie
20%
Soudan du Sud
20%
Tadjikistan
20%
Turkménistan
20%
Afghanistan
19%
Afghanistan
19%
Fidji
19%
Micronésie
19%
Ouzbékistan
19%
Ouzbékistan
19%
Pakistan
19%
Salomon
19%
Slovaquie
19%
Turkménistan
19%
Turkménistan
19%
Zambie
19%
Sainte-Lucie
18%
Zambie
18%
Antigua-et-Barbuda
17%
Guinée-Bissau
17%
Îles Marshall
17%
Kirghizistan
17%
Tadjikistan
17%
Turkménistan
17%
Turkménistan
17%
Turkménistan
17%
Vanuatu
17%
Zambie
17%
France
16%
Kirghizistan
16%
Kirghizistan
16%
Kiribati
16%
Kiribati
16%
Micronésie
16%
Micronésie
16%
Salomon
16%
Tadjikistan
16%
Tadjikistan
16%
Grenade
15%
Ouzbékistan
15%
Ouzbékistan
15%
Salomon
15%
Bhoutan
14%
Kiribati
14%
Ouzbékistan
14%
Soudan du Sud
14%
Turkménistan
14%
Turkménistan
14%
Vanuatu
14%
Zimbabwe
14%
Brunei
13%
Micronésie
13%
Namibie
13%
Ouzbékistan
13%
Pakistan
13%
Palaos
13%
Tadjikistan
13%
Timor oriental
13%
Vanuatu
13%
Zambie
13%
Antigua-et-Barbuda
12%
Salomon
12%
Salomon
12%
Samoa
12%
Îles Marshall
11%
Salomon
11%
Soudan du Sud
11%
Îles Marshall
10%
Pays-Bas
10%
Saint-Christophe- et-Niévès
10%
Saint-Vincent-et-les- Grenadines
10%
Tadjikistan
10%
Palaos
9%
Pays-Bas
9%
Salomon
9%
Salomon
9%
Trinité-et-Tobago
9%
Vanuatu
9%
Salomon
8%
Tuvalu
8%
Vanuatu
8%
Kirghizistan
7%
Turkménistan
7%
Ouzbékistan
6%
Samoa
5%
Nauru
2%

Distribution des résultats

Percentile par nombre de réponses

% des personnes avec chaque résultat

Votre développement - résultats

Vous n’avez pas pris ce quiz